Ďůsledky zvýšení evropského cíle energetické účinnosti pro ČR
Nová energetická stratéga Európskej únie kladie značný dôraz na ciele v oblasti energetických úspor. Európska komisia ich oproti pôvodným plánom navýšila, čo sa predraží. Ciele energetických úspor.
Saved in:
| Main Author: | |
|---|---|
| Format: | Book Chapter |
| Language: | Czech |
| Subjects: | |
| Tags: |
No Tags, Be the first to tag this record!
|
MARC
| LEADER | 00000naa a2200000 4500 | ||
|---|---|---|---|
| 001 | 0226439 | ||
| 005 | 20221104112239.7 | ||
| 041 | 0 | |a cze | |
| 044 | |a CZ | ||
| 245 | 1 | 0 | |a Ďůsledky zvýšení evropského cíle energetické účinnosti pro ČR |c Martin Hájek |
| 520 | |a Nová energetická stratéga Európskej únie kladie značný dôraz na ciele v oblasti energetických úspor. Európska komisia ich oproti pôvodným plánom navýšila, čo sa predraží. Ciele energetických úspor. | ||
| 610 | 2 | 0 | |a politika energetická |
| 610 | 2 | 0 | |a Európska únia |
| 610 | 2 | 0 | |a Česko |
| 610 | 2 | 0 | |a úspory energie |
| 100 | 1 | |a Hájek, Martin | |